|
|
|
|
| LEADER |
00000naa a2200000 ar4500 |
| 001 |
vtls010096607 |
| 003 |
SK-MaSNL |
| 005 |
20260302135200.0 |
| 008 |
100518|2008 xo |||||||||||||| ||slo |
| 015 |
|
|
|a SNBRA2010/05
|2 snkbucl
|
| 038 |
|
|
|a SNKBUCL
|
| 040 |
|
|
|a SNKBUCL
|b slo
|e AACR2
|c SNKBUCL
|
| 041 |
0 |
|
|a slo
|
| 044 |
|
|
|a xo
|c SK
|
| 080 |
|
|
|a 394
|x (437.6)
|2 2001
|
| 080 |
|
|
|a 398.3
|x (437.6)
|2 2001
|
| 080 |
|
|
|a 398.1
|x (437.6)
|2 2001
|
| 100 |
1 |
|
|a Dovičičová, Magdaléna,
|d 1936-
|4 aut
|9 107659
|
| 245 |
1 |
0 |
|a Zvyky, obyčaje a staré tradície v Stupave
|c Magdaléna Dovičičová
|
| 300 |
|
|
|b Fotogr.
|
| 504 |
|
|
|a Bibliogr. odkazy
|
| 650 |
0 |
7 |
|a ľudové zvyky
|2 snkbucl
|9 66558
|
| 650 |
0 |
7 |
|a ľudové tradície
|2 snkbucl
|9 4960
|
| 651 |
|
7 |
|a Stupava (Slovensko)
|2 snkbucl
|9 24904
|
| 655 |
|
7 |
|a štúdie
|2 snkbucl
|9 57033
|
| 773 |
0 |
|
|t Stupava
|d Stupava : Club Abbellimento, 2008
|g S. 3-15
|z 9788097007263
|
| 852 |
|
|
|a SNK
|b KIS3GCP
|
| 856 |
4 |
1 |
|u http://www.stupava.com/rocenky/02_2008.pdf
|
| 958 |
|
|
|a NB
|
| 999 |
|
|
|c 1326413
|d 1328343
|